Every Food in Minecraft 1.20 - Statistics

General Stats
  • This quiz has been taken 24 times
  • The average score is 21 of 33
Answer Stats
Answer % Correct
Apple
91%
Bread
91%
Carrot
91%
Chicken
87%
Potato
87%
Cake
83%
Golden Apple
83%
Porkchop
83%
Cod
78%
Mutton
78%
Salmon
78%
Golden Carrot
74%
Steak
74%
Mushroom Stew
70%
Pufferfish
70%
Rabbit
70%
Suspicious Stew
70%
Beetroot
65%
Enchanted Golden Apple
65%
Rotten Flesh
65%
Pumpkin Pie
61%
Rabbit Stew
61%
Spider Eye
61%
Beetroot Soup
57%
Melon
57%
Chorus Fruit
52%
Poisonous Potato
48%
Dried Kelp
43%
Sweet Berries
43%
Glowberries
39%
Honey Bottle
26%
Honey Bottle
26%
Water Bottle
4%
No matching quizzes found
Score Distribution
Percent of People with Each Score
Percentile by Number Answered
Your Score History
You have not taken this quiz